Les pays les plus "pacifistes" du monde (selon le Global Peace Index) - Statistiques

Statistiques générales
  • Ce quiz a été pris 53 fois
  • Le résultat moyen est 14 sur 20
Statistiques - réponses
Pays les plus pacifistes au monde % Correct
Suisse
92%
Norvège
86%
Suède
84%
Finlande
80%
Australie
78%
Danemark
78%
Islande
74%
Nouvelle-Zélande
72%
Canada
68%
Japon
68%
Portugal
68%
Autriche
66%
Belgique
64%
Allemagne
60%
Singapour
60%
Irlande
58%
République Tchèque
56%
Slovénie
56%
Croatie
48%
Hongrie
46%
Aucun quiz correspondant
Distribution des résultats
% des personnes avec chaque résultat
Percentile par nombre de réponses
Votre historique - résultats
Vous n’avez pas pris ce quiz